| 000 | 00948nam0a22002771 4500 | ||
|---|---|---|---|
| 001 | v19\rc\2079150 | ||
| 005 | 20250620101854.0 | ||
| 035 | _a(NLR Aleph) 005277258 | ||
| 090 |
_a6061223 _c6061223 |
||
| 100 | _a20081218d1911 |||y0rusy50 ca | ||
| 101 | 1 |
_arus _cfre |
|
| 102 | _aRU | ||
| 105 | _ay z |||a| | ||
| 200 | 1 |
_aДно Парижа _eРоман _fПер. с фр. О. Леновой |
|
| 210 |
_aМосква _cСфинкс _d1911 |
||
| 215 |
_a359 с. _d21 |
||
| 225 | 1 |
_aПолное собрание сочинений _fЖан Лоррэн _vТ. 2 |
|
| 300 | _aНа обороте частного тит. л.: 1912 | ||
| 700 | 1 |
_7ca _8rus _aЛоррен _bЖ. _f1855-1906 _gЖан _9220752 _3RU\NLR\AUTH\770220808 |
|
| 702 | 1 |
_aЛенова _bО. _4730 |
|
| 801 | 0 |
_aRU _bNLR _c20081218 _gpsbo |
|
| 801 | 1 |
_aRU _bProSoft-M _c20081218 _2rusmarc |
|
| 801 | 2 |
_aRU _bNLR _c20090304 _2rusmarc |
|
| 852 |
_aNLR _j37.35.4.21(2) |
||
| 942 | _cBOOK | ||
| 980 | _aNB | ||